000 01001cam a2200289 a 4500
001 1404933
003 ARRUPE
005 20240206093226.0
008 831024s1979 rh b 000 0 eng
010 _a 82981004
040 _aDLC
_cDLC
_dDLC
043 _af-rh---
050 0 0 _aDT962.75
_b.S56 1979
082 0 0 _a322.4/2/096891
_219
100 1 _aSithole, Masipula.
_929930
245 1 0 _aZimbabwe struggles within the struggle (1957-1980) /
_cby Masipula Sithole.
260 _aSalisbury :
_bRujeko Publishers,
_c[1979]
300 _avii, 166 p. ;
_c21 cm.
504 _aIncludes bibliographical references.
600 1 0 _aSithole, Ndabaningi,
_d1920-
_930315
610 2 0 _aZimbabwe African National Union.
_913332
650 0 _aNational liberation movements
_zZimbabwe.
_914781
651 0 _aZimbabwe
_xPolitics and government
_y1890-1965.
_95276
651 0 _aZimbabwe
_xPolitics and government
_y1965-1979.
906 _a7
_bcbc
_corignew
_d3
_encip
_f19
_gy-gencatlg
942 _2lcc
_cMONOGRAPH
999 _c131767
_d131767